01616cam a22004454i 4500003000900000005001700009008004100026020001500067035002700082040003300109049000900142082001700151100003000168245009000198264004100288300003800329336002100367337002500388338002300413505010700436526001000543526001000553526001000563526001000573526000800583526000800591526000800599526000800607526000800615526000800623526000800631650002400639942001400663949012000677994001400797596000600811999014600817980005500963952015201018PE-LiUPU20250731173120.0150623s r 000 0 d a847953365X a(Sirsi) i9788479533656 aPE-LiUPUbspacPE-LiUPUerda aPRUA04a254bH942211 aHunter, James C.,eautor.13aLa paradoja :bun relato sobre la verdadera esencia del liderazgo /cJames C. Hunter. 1aBarcelona :bEdiciones Urano,c1999. a173 páginas ;c22 centímetros atext2rdacontent aunmediated2rdamedia avolume2rdacarrier0 aLas definiciones. El paradigma antiguo. El modelo. El verbo. La elección. Los resultados. Epílogo. aSEG42 aSEG41 aSEG40 aSEG39 aP94 aP87 aP86 aP85 aP77 aP76 aP3504aLiderazgovEnsayos. 2ddccBOOK a254 H94wDEWEYc1i50431lCCODEBUL1mBULr0sYtBOOKu2015-6-24xTEOLOGIAPP350COMPRAo.STAFF. Colección General aC0bPEPRU a1 a254 H94wDEWEYc32269i50431f2021-11-12g5lCCODEBUL1mBULr0sYtBOOKu2015-6-24xTEOLOGIAPP350COMPRAo.STAFF. Colección Generald32269 81gALBERTO SANCHEZ Responsable de Automatización r2025-12-02 00:00:00i6l0o254 H94p50431te1w2015-06-24xFTyBKzinventario-2023-12-13102ddc50708GENfP35aBULbBULcGENd2015-06-24eCOMPRA